000 00783nam a2200193Ii 4500
003 JO-AjNU
008 230605s9999||||xx |||||||||||||| ||und||
040 _aJO-AjNU
_bara
_erda
_cJO-AjNU
041 _aara
050 1 4 _aPJ7561.A226 1977
100 3 _aعبد الحي، محمد,
_eauthor
_935082
245 0 0 _aالأسطورة الإغريقية في الشعر العربي المعاصر (1900-1950) دراسة في الأدب المقارن
264 3 1 _aالقاهرة:دار النهضة العربية،1977
300 _a144ص
336 _atext
_btxt
_2rdacontent
337 _aunmediated
_bn
_2rdamedia
338 _avolume
_bnc
_2rdacarrier
650 4 _a الشعر العربي-تاريخ ونقد-الأساطير اليونانية-الأدب المقارن
_935083
999 _aA14448
_c18016
_d18016